| 000 | 00905nmm a22002297a 4500 | ||
|---|---|---|---|
| 005 | 20180803165522.0 | ||
| 008 | 131212b2002 ck ||||| |||| 00| 0 spa d | ||
| 041 | _aspa | ||
| 044 | _ack | ||
| 090 |
_aLB _b05852 |
||
| 110 |
_aMinisterio de Ambiente, Vivienda y Desarrollo Territorial _923463 |
||
| 245 | _aDiagnóstico e identificación de acciones para la conservación y el manejo sostenible de las especies migratorias de la biodiversidad en Colombia | ||
| 250 |
_aLuis Germán Naranjo _bDr. de Conservación Ecorregional WWF Colombia |
||
| 260 |
_aBogotá _bMinisterio de Ambiente, Vivienda y Desarrollo Territorial _bWWF Colombia _c2009 |
||
| 300 |
_a218 p., _bil., imágenes, cuadros, _c13 cm |
||
| 504 | _aIncluye bibliografía | ||
| 505 | _aIncluye contenido | ||
| 650 |
_aBiodiversidad _992204 |
||
| 650 |
_aEspecies migratorias _93329 |
||
| 710 |
_aWWF Colombia _92412 |
||
| 942 |
_2z _cCD-ROM |
||
| 999 |
_c8035 _d8035 |
||